Sayings About Food #2 - Statistics

General Stats
  • This quiz has been taken 62,858 times
    28,627 since last reset
  • The average score is 19 of 29
Answer Stats
Saying % Correct
Not my cup of {tea}
96%
Spill the {beans}
91%
Easy as {pie}
90%
Have one's {cake} and eat it too
90%
Like {peas} in a pod
90%
I scream, you scream, we all scream for {ice} {cream}
89%
That's the way the {cookie} crumbles
89%
You can't make an {omelette} without breaking some eggs
89%
Life is like a box of {chocolates}
88%
A spoonful of {sugar} helps the medicine go down
87%
Comparing apples and {oranges}
83%
Kill the {goose} that lays the golden eggs
81%
Bring home the {bacon}
79%
{Cream} of the crop
77%
She's got a {bun} in the oven
76%
Upset the {apple} cart
75%
Packed like {sardines}
69%
Selling like {hotcakes}
65%
Have {egg} on one's face
61%
Sow one's wild {oats}
57%
{Milk} of human kindness
56%
{Pork}. The other white meat
48%
Don't put new {wine} into old bottles
47%
{Fish} and guests smell after three days
46%
Laws are like {sausages}, it is best not to see them being made
37%
Life's not all {beer} and skittles
26%
My {bologna} has a first name
25%
Like nailing {jello} to the wall
21%
Soup to {nuts}
20%
No matching quizzes found
Score Distribution
Percent of People with Each Score
Percentile by Number Answered
Your Score History
You have not taken this quiz since the last reset